000 01090nam a2200277Ia 4500
003 OSt
005 20221005104353.0
006 a|||||r|||| 00| 0
007 ta
008 221004b |||||||| |||| 00| 0 urd d
020 _a818891293X (pbk)
_cINR 150.00
024 _a36447
037 _b5141, 31/01/2018, Kitabi Duniya
_cTextual
040 _aCRL
_cCRL
_burd
041 _2urd
_aurd
082 _aO168,1M76:g, 152Q6
100 _aजावेद, सरफ़राज़, अनु.
245 0 _aबिखरे विचार
_b अल्लामा इक़बाल की डायरी
246 _aBikhare vichāra: allāmā iक़bāl kī ḍāyarī
260 _aदिल्ली
_bबुक कॉरपोरेशन भारत
_c2016
300 _a130पृ0
_ccm.
650 _a उर्दू साहित्य
650 _aउर्दू कविता
942 _hO168,1M76:g, 152Q6
_cTEXL
_2cc
999 _c1012496
_d1012496